| 000 | 00718nam a2200229Ia 4500 | ||
|---|---|---|---|
| 003 | OSt | ||
| 005 | 20220926010523.0 | ||
| 006 | a|||||r|||| 00| 0 | ||
| 007 | ta | ||
| 008 | 220923b |||||||| |||| 00| 0 eng d | ||
| 037 | _cGeneral Book | ||
| 040 |
_aRTL _cRTL _beng |
||
| 041 |
_2eng _aeng |
||
| 082 | _aV1N450aX9(J3).2.N79, L9 /UN | ||
| 110 |
_aUNITED NATIONS, WORLD FOOD PROGRAMME _9312466 |
||
| 245 | 0 | _aReport on the status of projects 28 at June 1979 | |
| 260 |
_a New Delhi _bWorld Food Programme _c1979 |
||
| 300 |
_a26p _ccm. |
||
| 700 |
_aUNITED NATIONS, WORLD FOOD PROGRAMME _9312467 |
||
| 942 |
_hV1N450aX9(J3).2.N79, L9 /UN _cGB _2CC |
||
| 999 |
_c617495 _d617495 |
||